The Contracts Act 1999 (Record no. 117993)

MARC details
000 -LEADER
fixed length control field 01510cam a2200229 4500
001 - CONTROL NUMBER
control field ABS68233
008 - FIXED-LENGTH DATA ELEMENTS--GENERAL INFORMATION
fixed length control field 040914n2004 000 0 eng u
035 ## - SYSTEM CONTROL NUMBER
System control number (Sirsi) u127393
100 ## - MAIN ENTRY--PERSONAL NAME
Personal name Brewer, G.
245 #4 - TITLE STATEMENT
Title The Contracts Act 1999
260 ## - PUBLICATION, DISTRIBUTION, ETC.
Date of publication, distribution, etc. 2004
490 ## - SERIES STATEMENT
Series statement Contract Journal
Volume/sequential designation 424(6487) 4 August 2004, 22(1)
520 ## - SUMMARY, ETC.
Summary, etc. Discusses "Nisshin Shipping Co Ltd v Cleaves and Co Ltd" ([2003] EWHC 2602 (Comm), [2004] 1 All ER (Comm) 481) which addressed the application of the Contracts (Rights of Third Parties) Act 1999. The case illustrates the manner in which the Act may be used by third parties to bring claims under a contract to which they are not a party. When the dispute went to arbitration, it was held that C was entitled to enforce commission clauses in time charters in their own right in respect of s1 of the Act. Further to this they were obliged to arbitrate under s8, despite not being parties to the arbitration agreements of the charter arrangement. Argues, unless the operation of the Act is expressly excluded, an identifiable third party may have the right to enforce a term of a contract to its benefit.
590 ## - LOCAL NOTE (RLIN)
Local note ABS
590 ## - LOCAL NOTE (RLIN)
Local note ABS
650 ## - SUBJECT ADDED ENTRY--TOPICAL TERM
Topical term or geographic name entry element CONTRACTS (RIGHTS OF THIRD PARTIES) ACT 1999
650 ## - SUBJECT ADDED ENTRY--TOPICAL TERM
Topical term or geographic name entry element NISSHIN SHIPPING CO LTD V CLEAVES AND CO LTD
650 ## - SUBJECT ADDED ENTRY--TOPICAL TERM
Topical term or geographic name entry element MANAGEMENT-DISPUTE AVOIDANCE, MANAGEMENT AND RESOLUTION-DISPUTE MANAGEMENT AND RESOLUTION-ARBITRATION
650 ## - SUBJECT ADDED ENTRY--TOPICAL TERM
Topical term or geographic name entry element THIRD PARTY RIGHTS
690 ## - LOCAL SUBJECT ADDED ENTRY--TOPICAL TERM (OCLC, RLIN)
Topical term or geographic name as entry element DISPUTE RESOLUTION-CASE LAW
942 ## - ADDED ENTRY ELEMENTS (KOHA)
Suppress in OPAC 0
Holdings
Withdrawn status Lost status Source of classification or shelving scheme Damaged status Not for loan Home library Current library Shelving location Date acquired Total Checkouts Full call number Barcode Date last seen Copy number Price effective from Koha item type
    Dewey Decimal Classification     London London Journal article 14/09/2004   ABS68233 127393-1001 06/08/2019 1 06/08/2019 Journal article